| 000 | 00632nam a22002057a 4500 | ||
|---|---|---|---|
| 999 |
_c21662 _d21662 |
||
| 003 | OSt | ||
| 005 | 20210630095358.0 | ||
| 008 | 170131b xxu||||| |||| 00| 0 eng d | ||
| 020 | _a9780763746438 | ||
| 040 |
_aMMU _beng _cMMU _dMMU |
||
| 050 | _aRT90.N86 2008 | ||
| 100 | _aedited by Bastable B. Susan | ||
| 245 |
_aNurse as educator : _bPrinciples of teaching and learning for nursing practice / |
||
| 250 | _a3rd ed. | ||
| 260 |
_aToronto: _bJones and bartlett publishers, _c2008. |
||
| 300 | _axx, 667 p.: | ||
| 500 | _aIncludes bibliographical references and index | ||
| 650 | _aEducator | ||
| 942 |
_2lcc _cLOAN LOAN _e3rd ed. |
||